000 00918nam a2200241Ia 4500
003 OSt
005 20220918110752.0
006 a|||||r|||| 00| 0
007 ta
008 220915b |||||||| |||| 00| 0 hin d
024 _a94,187
037 _cReference Collections
040 _aARTS
_cARTS
_bhin
041 _2hin
_ahin
082 _aV2y7N26x, 152N9.1-.4(RR)
100 _aघटाटे, ना. मा., संपा.
_99456
245 0 _aअटल बिहारी वाजपेयी मेरी संसदीय यात्रा
246 _aAṭal bihārī vājapeyī merī sansadīya yātrā
260 _aदिल्ली
_bप्रभात प्रकाशन भारत
_c1999
490 _vभाग 1
942 _hV2y7N26x, 152N9.1-.4(RR)
_cREF
999 _c114589
_d114589